Measurements Quiz Stats

 Plays Quiz Updated Dec 5, 2018

     
Support Sporcle.
Go Orange.
Score 0/14 Timer 03:00
1 Play Today
Measure Equivalent to One % Correct
5280 feetMile
90.7%
3 feetYard
88.1%
2,000 poundsTon
87.9%
3 TeaspoonsTablespoon
83.1%
16 ounces (weight)Pound
82.7%
4 cupsQuart
82.7%
16 cupsGallon
81.1%
Measure Equivalent to One % Correct
8 ouncesCup
80.1%
4,840 square yardsAcre
70.5%
2 cupsPint
70%
28.3495231 gramsOunce
60.3%
5.87849981 x 10 to the 12th power milesLightyear
49.4%
4 pecksBushel
46.5%
1/6 U.S. fluid ounceTeaspoon
36%

From the Vault

Kesha, Britney or Katy?

by slipkid

Music 4m
Everyone in this quiz should have dollar signs in their names.
Remove Ads.
Support Sporcle.
Get the best of Sporcle when you Go Orange. This ad-free experience offers more features, more stats, and more fun while also helping to support Sporcle. Thank you for becoming a member.

Show Comments

Extras

Top Quizzes Today


Score Distribution

Your Account Isn't Verified!

In order to create a playlist on Sporcle, you need to verify the email address you used during registration. Go to your Sporcle Settings to finish the process.

Report this User

Report this user for behavior that violates our Community Guidelines.

Details: